000
00219 a2200097 4500
020
_a
9788472456365
041
_a
spa
100
_a
Presles Philippe
245
_a
Prevenir el cancer, el infarto y el alzheimer
942
_c
BK
999
_c
8957
_d
8957